Statistics for Waterfire saga

Click here to take the quiz!

General Stats

  • This quiz has been taken 52 times
  • The average score is 17 of 29

Answer Stats

ClueAnswer% Correct
The one who does not yet believeAstrid
100%
The one possessed of a prophet’s sightAva
100%
The one who sings all creatures songsLing
100%
The one who holds the lightNeela
100%
The one brave enough to keep hope aliveSerafina
100%
The one with a spirit sure and strongBecca
96%
Serafina’s betrothed, crown prince to MataliMahdi
89%
Neela’s brother, member of the Predatori.Yazeed
81%
Serafina’s brotherDes
74%
Evil mermaid who wants to marry MahdiLucia
74%
A Black Fin. Little mermaid that is very loyalCoco
67%
Serafina’s ancestorMerrow
67%
Astrid’s ancestorOrfeo
67%
The new duca, in love with BeccaMarco
63%
A mermaid that is a Black Fin and is also the spySophia
59%
Neela’s ancestorNavi
44%
Ava’s ancestorNyx
44%
The monster that was the quest in the beginning.Abbadon
41%
The sea goddessNeria
41%
Ling’s ancestorSycorax
41%
Orfeo’s tasilmanBlack pearl
37%
Sycorax’s tasilmanPuzzle ball
33%
Merrow’s taslimanBlue diamond
26%
The goddess of deathMorsa
26%
Nyx’s tasilmanRuby ring
26%
Pyrrha’s tasilmanGold coin
19%
Becca’s ancestorPyrrha
19%
River witcheslele
15%
Navi’s taslimanMoonstone
15%

Score Distribution

Percentile by Number Answered

Percent of People with Each Score

Your Score History

You have not taken this quiz